| 000 | 00481nam a22002057a 4500 | ||
|---|---|---|---|
| 999 |
_c11585 _d11585 |
||
| 003 | OSt | ||
| 008 | 221115b ||||| |||| 00| 0 eng d | ||
| 020 | _a9781543345346 | ||
| 082 | _a615.1LOT | ||
| 100 | _aLODHI,Devendra Singh | ||
| 245 | _aText book ofSocial Pharmacy | ||
| 250 | _aED | ||
| 260 |
_aNew Delhi _bS.Vikas _c2022 |
||
| 300 | _a174 | ||
| 650 | _aSocial Pharmacy | ||
| 700 | _aGOLANI,Pradeep | ||
| 700 | _aRAGEEB,MB | ||
| 700 | _aVERMA,Megha | ||
| 942 |
_2ddc _cBK |
||